Statistics for Countries Without Vowels Quiz #13

Click here to take the quiz!

General Stats

  • This quiz has been taken 14 times
  • The average score is 13 of 14

Answer Stats

Countries (No Vowels)Countries% Correct
FRNCFrance
100%
MLYSMalaysia
100%
NTHRLNDSNetherlands
100%
SNT LCSaint Lucia
100%
SLMN SLNDSSolomon Islands
100%
SWTZRLNDSwitzerland
100%
VNZLVenezuela
100%
BRNDBurundi
92%
CMBDCambodia
92%
GHNGhana
92%
TJKSTNTajikistan
92%
TWNTaiwan
85%
PLPalau
77%
GNDUganda
77%

Score Distribution

Percentile by Number Answered

Percent of People with Each Score

Your Score History

You have not taken this quiz